Numbers in Spanish 1-10 - Statistics

General Stats
  • This quiz has been taken 68 times
  • The average score is 9 of 10
Answer Stats
Hint Answer % Correct
Two Dos
100%
One Uno
100%
Three Tres
98%
Eight Ocho
93%
Five Cinco
89%
Four Cuatro
89%
Ten Diez
89%
Nine Nueve
89%
Six Seis
87%
Seven Siete
85%
No matching quizzes found
Score Distribution
Percent of People with Each Score
Percentile by Number Answered
Your Score History
You have not taken this quiz